[Event "Bucaramanga Santander-ch"]
[Site "Bucaramanga"]
[Date "2023.04.01"]
[Round "4"]
[White "Marin Campos, Doandris Javier"]
[Black "Albarracin Ramirez, Jose Luis"]
[Result "1-0"]
[WhiteElo "1524"]
[BlackElo "1600"]
[PlyCount "61"]
[EventDate "2023.03.31"]
[EventType "swiss"]
[EventRounds "7"]
[EventCountry "COL"]
[SourceTitle "CBM 213 Extra"]
[Source "ChessBase"]
[SourceDate "2023.05.31"]
[SourceVersion "1"]
[SourceVersionDate "2023.05.31"]
[SourceQuality "1"]

1. d4 Nf6 2. c4 g6 3. Nf3 Bg7 4. g3 0-0 5. Bg2 d5 6. 0-0 c6 7. Nc3 dxc4 8. Ne5 Be6 9. e4 Qc8 10. Qe2 Bh3 11. Qxc4 Bxg2 12. Kxg2 Nbd7 13. f4 e6 14. Be3 Nxe5 15. dxe5 Nd7 16. Rad1 Rd8 17. Rd6 Bf8 18. Rd2 Nb6 19. Qe2 Rxd2 20. Bxd2 Qd7 21. Be3 Rd8 22. f5 Qd3 23. Qf2 Nc4 24. Bg5 f6 25. Rd1 Qxd1 26. Nxd1 fxg5 27. Qf1 Rd2+ 28. Kh1 Nxe5 29. fxe6 Bc5 30. Ne3 Bxe3 31. e7 1-0